01119cam a22002771 45000010005000000030008000050050017000130080041000300350018000710400032000890410008001210510029001290820018001581110099001762450127002752600045004023000035004474900098004825040029005806500043006098300008006527000027006607100024006877100023007118300107007346253BD-RjUL20211208234219.0140109s1966 inua b 100 0 eng  a(BD-RjUL)6293 aDLCcDLCdDLCdBD-RjULbeng aeng aPB35b.I46 1965cCopy 2.00a407bLAN 19662 aIndiana University--Purdue University Foreign Language Conference,cIndiana University,d1965.10aLanguage learning: the individual and the process;breport.cEditor: Edward W. Najam; associate editor: Carleton T. Hodge. aBloomington :bIndiana Universityc1966. axii, 273 p. :billus.,c26 cm.1 aIndiana University Research Center in Anthropology, Folklore, and Linguistics. Publication 40 aIncludes bibliographies. 0aLanguages, ModernxStudy and teaching. 0v40.1 aNajam, Edward W.,eed.2 aIndiana University.2 aPurdue University. 0aPublication ... of the Indiana University Research Center in Anthropology, Folklore, and Linguistics ;